[Event "European Rapid 2017"]
[Site "Katowice POL"]
[Date "2017.12.16"]
[Round "2.88"]
[White "Kozak, Antoni"]
[Black "Batsiashvili, Nino"]
[Result "1/2-1/2"]
[BlackTitle "IM"]
[WhiteElo "2076"]
[BlackElo "2502"]
[WhiteFideId "21832030"]
[BlackFideId "13602993"]
[EventDate "2017.12.16"]

1. e4 e5 2. Nf3 Nc6 3. Nc3 Nf6 4. Bb5 Nd4 5. O-O Nxb5 6. Nxb5 d6 7. d4 Bd7 8.
Nc3 exd4 9. Nxd4 Be7 10. Qf3 O-O 11. Bg5 Re8 12. h3 h6 13. Bh4 Nxe4 14. Bxe7
Qxe7 15. Rae1 Ng5 16. Qxb7 Qf6 17. Ndb5 Bxb5 18. Qxb5 Ne6 19. Nd5 Qg5 20. f4 Qd8
21. c3 Rb8 22. Qc6 Nc5 23. Rxe8+ Qxe8 24. Qxe8+ Rxe8 25. Nxc7 Re2 26. Rf2 Re1+
27. Rf1 Re2 28. Rf2 Re4 29. Nb5 Nd3 30. Rd2 Re1+ 31. Kh2 Nxf4 32. Nxd6 h5 33. g3
Ne6 34. c4 a5 35. Nb7 a4 36. b4 a3 37. Na5 Rc1 38. c5 g5 39. Nb3 Rc4 40. Rd7
Rxb4 41. Ra7 Rc4 42. Rxa3 Kg7 43. Ra8 Rc2+ 44. Kg1 Rc3 45. Kf2 h4 46. gxh4 gxh4
47. Ra4 Rxh3 48. Kg2 Rg3+ 49. Kf2 Rh3 50. Kg2 Rc3 51. Rxh4 Nxc5 52. Nxc5 Rxc5
53. a4 Rc3 54. Rh3 Rc2+ 55. Kf3 Ra2 56. Rh4 Ra3+ 57. Kg2 Kg6 58. Rb4 f6 59. Kf2
Kg5 60. Ke2 f5 61. Kf2 Rc3 62. Rd4 Kf6 63. Ke2 Ke5 64. Rb4 Ra3 65. Kf2 Kf6 66.
Rc4 Kg5 67. Rb4 f4 68. Rb8 Rxa4 69. Rg8+ Kf5 70. Rf8+ Ke4 71. Re8+ Kf5 72. Rf8+
Ke5 73. Re8+ Kf6 74. Kf3 Rb4 75. Rf8+ Ke5 76. Re8+ Kf5 1/2-1/2

[Event "European Rapid 2017"]
[Site "Katowice POL"]
[Date "2017.12.16"]
[Round "2.89"]
[White "Konopka, Michal"]
[Black "Veiga, Jose Francisco R P Neves"]
[Result "1-0"]
[WhiteTitle "IM"]
[WhiteElo "2381"]
[BlackElo "2240"]
[WhiteFideId "308633"]
[BlackFideId "1930087"]
[EventDate "2017.12.16"]

1. Nf3 Nf6 2. c4 g6 3. g3 Bg7 4. Bg2 O-O 5. O-O d6 6. d4 Nc6 7. Nc3 Rb8 8. b3 a6
9. Nd5 b5 10. Nxf6+ Bxf6 11. Bh6 Re8 12. Rc1 Bd7 13. Qd2 e5 14. d5 Ne7 15. e4
bxc4 16. bxc4 c5 17. dxc6 Bxc6 18. Ng5 Qc7 19. f4 exf4 20. Qxf4 Bd4+ 21. Kh1 f5
22. Ne6 Qb6 23. Qxd6 Bh8 24. c5 Qb2 25. Nd8 Qxg2+ 26. Kxg2 Bxe4+ 27. Kh3 Nc6 28.
Nxc6 Rb2 29. Rfe1 Bg2+ 30. Kh4 Be4 31. h3 Rxa2 32. Rxe4 Rxe4+ 33. g4 Kf7 34.
Qd7+ Kf6 35. Bg5# 1-0

[Event "European Rapid 2017"]
[Site "Katowice POL"]
[Date "2017.12.16"]
[Round "2.90"]
[White "Macko, Miroslav"]
[Black "Wieczorek, Oskar"]
[Result "0-1"]
[WhiteTitle "FM"]
[BlackTitle "IM"]
[WhiteElo "2262"]
[BlackElo "2463"]
[WhiteFideId "14932695"]
[BlackFideId "1133950"]
[EventDate "2017.12.16"]

1. e4 c5 2. Nf3 d6 3. c3 Nf6 4. h3 Nc6 5. Bd3 d5 6. e5 Nd7 7. Qe2 e6 8. O-O Be7
9. Bb5 Qb6 10. Bxc6 bxc6 11. c4 dxc4 12. Na3 Ba6 13. Nxc4 Bxc4 14. Qxc4 Qb5 15.
d3 O-O 16. Qe4 Rfd8 17. Nd2 Nb6 18. a4 Qxd3 19. Qxc6 Qd5 20. Qxd5 Rxd5 21. Nf3
Nc4 22. Re1 Rb8 23. Re4 Rd1+ 24. Kh2 Na5 25. Re1 Rxe1 26. Nxe1 Nb3 27. Rb1 Rb4
28. Be3 Rxa4 29. Rd1 Nd4 30. Bxd4 cxd4 31. Nd3 f6 32. Kg3 fxe5 33. Kf3 Bd6 34.
Rc1 Kf7 35. Ke4 Ra5 36. Re1 Rb5 37. Ra1 a5 38. Ra4 Ke7 39. Rc4 Kd7 40. Rc2 a4
41. Rc4 Ra5 42. Rc2 g6 43. g3 h5 44. h4 Rb5 45. Rc4 Ra5 46. Rc2 Ke7 47. Rc6 Rb5
48. Rc4 Ra5 49. Rc2 Kf6 50. Rc6 Be7 51. Rb6 Bf8 52. f4 exf4 53. Nxf4 Re5+ 54.
Kxd4 Bc5+ 0-1

[Event "European Rapid 2017"]
[Site "Katowice POL"]
[Date "2017.12.16"]
[Round "2.91"]
[White "D'Costa, Lorin A R"]
[Black "Zalesky, Karel"]
[Result "1-0"]
[WhiteTitle "IM"]
[WhiteElo "2391"]
[BlackElo "2030"]
[WhiteFideId "409219"]
[BlackFideId "316717"]
[EventDate "2017.12.16"]

1. e4 c5 2. Nf3 d6 3. Nc3 Nc6 4. d4 cxd4 5. Nxd4 e5 6. Nf5 Nf6 7. Bg5 h6 8. Bxf6
Qxf6 9. Nd5 Qd8 10. c3 g6 11. Nfe3 Bg7 12. Bc4 O-O 13. h4 Na5 14. Be2 f5 15. h5
f4 16. Nc4 g5 17. Nxa5 Qxa5 18. Bg4 Rf7 19. Bxc8 Rxc8 20. Qb3 Kf8 21. f3 Qc5 22.
a4 Qc4 23. Qxc4 Rxc4 24. Ke2 Rd7 25. Rhd1 Kf7 26. a5 Ke6 27. a6 Bf8 28. Nb6 axb6
29. a7 Rd8 30. a8=Q Rxa8 31. Rxa8 Bg7 32. Rd8 Rc6 33. Rd5 Ke7 34. Rb8 1-0

[Event "European Rapid 2017"]
[Site "Katowice POL"]
[Date "2017.12.16"]
[Round "2.92"]
[White "Slipchuk, Evgeniy"]
[Black "Pulpan, Jakub"]
[Result "0-1"]
[BlackTitle "IM"]
[WhiteElo "2013"]
[BlackElo "2400"]
[WhiteFideId "14140730"]
[BlackFideId "302759"]
[EventDate "2017.12.16"]

1. d4 Nf6 2. c4 e6 3. g3 d5 4. cxd5 exd5 5. Nc3 c6 6. Nf3 Bf5 7. Bg2 Nbd7 8. O-O
h6 9. Bf4 Be7 10. Ne5 O-O 11. Qd2 Re8 12. Rae1 Nf8 13. h4 Ne6 14. f3 Nh5 15.
Bxh6 Nxg3 16. Rf2 gxh6 17. e4 Bh7 18. Bh3 Bxh4 19. Ng4 dxe4 20. Nxh6+ Kg7 21. d5
Ng5 22. Nxf7 Nxh3+ 23. Kh2 Kxf7 24. Qh6 Bg6 25. Kxh3 Rh8 26. Qf4+ Nf5 27. Kg2
Bg3 28. Qxg3 Nxg3 29. fxe4+ Kg7 0-1

[Event "European Rapid 2017"]
[Site "Katowice POL"]
[Date "2017.12.16"]
[Round "2.93"]
[White "Maier, Christian"]
[Black "Serntedakis, Athanasios"]
[Result "1-0"]
[WhiteTitle "IM"]
[WhiteElo "2393"]
[BlackElo "2126"]
[WhiteFideId "4601955"]
[BlackFideId "4239423"]
[EventDate "2017.12.16"]

1. d4 Nf6 2. Nf3 e6 3. Bg5 h6 4. Bh4 d5 5. e3 Be7 6. c4 c6 7. Nc3 b6 8. Ne5 Bb7
9. cxd5 exd5 10. Bd3 O-O 11. Qf3 g6 12. O-O Nbd7 13. Rad1 Nxe5 14. dxe5 Nd7 15.
Bg3 Nc5 16. Bc2 Ne6 17. Qe2 Ng7 18. f4 Bc8 19. Bf2 Be6 20. h3 Qc8 21. e4 dxe4
22. Bxe4 Rb8 23. Qf3 c5 24. Nd5 Bxd5 25. Bxd5 Rd8 26. Rd2 Bf8 27. Rfd1 Qc7 28.
Qb3 Re8 29. Bc4 Ne6 30. Rd7 Qc6 31. Qg3 b5 32. Bb3 c4 33. Bc2 Rbd8 34. Rxd8 Rxd8
35. Rxd8 Nxd8 36. f5 Kg7 37. e6 g5 38. Qb8 Qd5 39. Qxa7 Bd6 40. e7 Nc6 41. e8=N+
Kf8 42. Qa8 Bb8 43. Nf6 Qd2 44. g3 Qxc2 45. Qxc6 Be5 46. Nd7+ Kg7 47. Nxe5 Qxf5
48. Qd5 h5 49. g4 hxg4 50. hxg4 Qf4 51. Kg2 b4 52. Qd4 1-0

[Event "European Rapid 2017"]
[Site "Katowice POL"]
[Date "2017.12.16"]
[Round "2.94"]
[White "Klepek, Witold"]
[Black "Sadzikowski, Daniel"]
[Result "0-1"]
[BlackTitle "GM"]
[WhiteElo "2215"]
[BlackElo "2584"]
[WhiteFideId "1175068"]
[BlackFideId "1132253"]
[EventDate "2017.12.16"]

1. e4 c5 2. Nf3 d6 3. d4 cxd4 4. Nxd4 Nf6 5. Nc3 a6 6. h3 g6 7. g4 Bg7 8. Bg2
O-O 9. Be3 Nc6 10. Nxc6 bxc6 11. e5 Nd5 12. Nxd5 cxd5 13. exd6 Bxb2 14. O-O Qxd6
15. Qxd5 Qxd5 16. Bxd5 Bxa1 17. Bxa8 Bc3 18. Be4 Be6 19. a3 f5 20. Bd3 fxg4 21.
hxg4 Bxg4 22. Bxa6 Ra8 23. Bc4+ Kg7 24. Rb1 Rxa3 25. Rb7 Bf6 26. Rb8 h5 27. Rg8+
Kh7 28. Rf8 g5 29. Rg8 Bf3 30. Rb8 Ra1+ 0-1

[Event "European Rapid 2017"]
[Site "Katowice POL"]
[Date "2017.12.16"]
[Round "2.95"]
[White "Sabuk, Piotr"]
[Black "Mazurov, Sergey"]
[Result "1-0"]
[WhiteTitle "IM"]
[WhiteElo "2382"]
[BlackElo "1859"]
[WhiteFideId "1137565"]
[BlackFideId "14125005"]
[EventDate "2017.12.16"]

1. d4 Nf6 2. c4 g6 3. Nc3 d5 4. Bg5 Ne4 5. Bh4 Bg7 6. e3 Nxc3 7. bxc3 O-O 8. Nf3
c5 9. cxd5 cxd4 10. cxd4 Re8 11. Qa4 Nd7 12. d6 f6 13. Bc4+ e6 14. Bb3 a5 15.
Qb5 Nf8 16. O-O a4 17. Bc4 b6 18. Rab1 Ba6 19. Qxa4 Bxc4 20. Qxc4 Qxd6 21. Rb4
Rec8 22. Qb3 Nd7 23. Bg3 Qc6 24. h4 Ra5 25. Rb1 Bf8 26. Rb5 Rxb5 27. Qxb5 Qxb5
28. Rxb5 Rc1+ 29. Kh2 Rc2 30. e4 Rxa2 31. e5 fxe5 32. Nxe5 Nxe5 33. Bxe5 Rxf2
34. Rxb6 Kf7 35. Kg3 Ra2 36. Rb7+ Kg8 37. Kf3 h5 38. g4 Ra3+ 39. Kf4 Bh6+ 40. g5
Bf8 41. Rb8 Kf7 42. Rxf8+ 1-0

[Event "European Rapid 2017"]
[Site "Katowice POL"]
[Date "2017.12.16"]
[Round "2.96"]
[White "Pribylova, Sofie"]
[Black "Pultinevicius, Paulius"]
[Result "0-1"]
[WhiteTitle "WCM"]
[BlackTitle "IM"]
[WhiteElo "1950"]
[BlackElo "2371"]
[WhiteFideId "371726"]
[BlackFideId "12809390"]
[EventDate "2017.12.16"]

1. d4 Nf6 2. c4 g6 3. Nc3 d5 4. Bf4 Bg7 5. Rc1 O-O 6. e3 Be6 7. Qb3 c5 8. Qxb7
Qb6 9. Qxb6 axb6 10. cxd5 Nxd5 11. Nxd5 Bxd5 12. dxc5 bxc5 13. Rxc5 Bxa2 14. Nf3
Be6 15. Be5 Ra1+ 16. Kd2 Bxe5 17. Nxe5 Rd8+ 18. Nd3 Bf5 19. Rc3 Na6 20. Ke2 Rb1
21. Kf3 Bxd3 22. Rxd3 Rxd3 23. Bxd3 Rxh1 24. Bxa6 Rb1 25. g3 Rxb2 26. h4 h6 27.
Bc4 Kg7 28. Bd3 Kf6 29. Bc4 e6 30. Bd3 Ke5 31. Ba6 Kd6 32. Bd3 Kc5 33. g4 Kb4
34. h5 Kc3 35. Ba6 gxh5 36. gxh5 Kd2 37. Kf4 Ke1 38. f3 Rh2 39. Kg4 Rg2+ 40. Kf4
Kf2 41. Bb7 Rg5 42. Bc6 Rxh5 43. Be8 Rf5+ 44. Kg4 Kxe3 0-1

[Event "European Rapid 2017"]
[Site "Katowice POL"]
[Date "2017.12.16"]
[Round "2.97"]
[White "Sieciechowicz, Marcin"]
[Black "Meller, Piotr"]
[Result "1-0"]
[WhiteTitle "IM"]
[WhiteElo "2387"]
[BlackElo "2031"]
[WhiteFideId "1130170"]
[BlackFideId "1179551"]
[EventDate "2017.12.16"]

1. d4 Nf6 2. c4 e6 3. Nc3 c5 4. d5 exd5 5. cxd5 d6 6. e4 g6 7. f4 Bg7 8. Bb5+
Nfd7 9. a4 O-O 10. Nf3 Na6 11. O-O Nc7 12. Bxd7 Bxd7 13. f5 a6 14. Bg5 Bf6 15.
Qd2 b5 16. Qf4 Ne8 17. axb5 Bxb5 18. Rfe1 Rb8 19. Qh4 Bxg5 20. Nxg5 h5 21. Qf4
Qf6 22. Re3 Ng7 23. Rg3 Bd7 24. h4 Rxb2 25. Rxa6 Qd4+ 26. Kh2 Qe5 27. Qxe5 dxe5
28. f6 Ne8 29. Nf3 1-0

[Event "European Rapid 2017"]
[Site "Katowice POL"]
[Date "2017.12.16"]
[Round "2.98"]
[White "Velez Romero, Juan Luis"]
[Black "Kazakovskiy, Valeriy"]
[Result "0-1"]
[BlackTitle "IM"]
[WhiteElo "1958"]
[BlackElo "2422"]
[WhiteFideId "2273187"]
[BlackFideId "13507443"]
[EventDate "2017.12.16"]

1. d4 Nf6 2. Nf3 e6 3. e3 c5 4. Bd3 b6 5. Nbd2 Bb7 6. O-O Be7 7. b3 O-O 8. Bb2
Nc6 9. a3 cxd4 10. exd4 Nd5 11. Re1 Nf4 12. Bf1 Ng6 13. g3 f5 14. Bg2 Bf6 15.
Ne5 Na5 16. Ndc4 Bxg2 17. Kxg2 Nxc4 18. Nxc4 Qc7 19. f4 b5 20. Ne5 Rac8 21. Rc1
Ne7 22. Qe2 Rb8 23. Red1 Rfc8 24. Rd3 a5 25. Rc3 Qb7+ 26. Qf3 Nd5 27. Rxc8+ Rxc8
28. Kg1 d6 29. Nd3 Qb6 30. Qf2 Nc3 31. Nc5 Bxd4 0-1

[Event "European Rapid 2017"]
[Site "Katowice POL"]
[Date "2017.12.16"]
[Round "2.99"]
[White "Zimina, Olga"]
[Black "Smolkin, Alexander"]
[Result "1/2-1/2"]
[WhiteTitle "IM"]
[WhiteElo "2415"]
[BlackElo "1999"]
[WhiteFideId "4132190"]
[BlackFideId "14117657"]
[EventDate "2017.12.16"]

1. Nf3 Nf6 2. c4 g6 3. Nc3 Bg7 4. e4 d6 5. d4 O-O 6. Be2 Nc6 7. d5 Nb8 8. h3 a5
9. O-O e5 10. dxe6 Bxe6 11. Nd4 Re8 12. Nxe6 fxe6 13. Be3 Nc6 14. c5 Qe7 15.
cxd6 cxd6 16. Bb5 Kh8 17. Qa4 Qc7 18. Rfd1 Red8 19. Rac1 Nh5 20. Nd5 exd5 21.
exd5 Bxb2 22. Rc2 Be5 23. dxc6 b6 24. Be2 Ng7 25. Rb1 Rab8 26. Qb5 Rf8 27. Qa6
Ne6 28. Bxb6 Qf7 29. Bc4 Qf5 30. Bd3 Qf4 31. g3 Qf3 32. Be2 Qf5 33. Qd3 Qxh3 34.
c7 Rbc8 35. Rc4 Qh6 36. Bg4 g5 37. Qd5 Qg6 38. Re1 Rfe8 39. Bxa5 h5 40. Bh3 g4
41. Bg2 h4 42. Rxe5 dxe5 43. Qxe5+ Ng7 44. Qd4 h3 45. Bb7 Qb1+ 46. Kh2 Qxb7 47.
f3 Re2+ 48. Kh1 Qb1+ 49. Qg1 Qxg1+ 50. Kxg1 Rxa2 51. Rd4 Ra1+ 52. Kh2 Ra2+ 53.
Kg1 Ra1+ 54. Kh2 Ra2+ 1/2-1/2

[Event "European Rapid 2017"]
[Site "Katowice POL"]
[Date "2017.12.16"]
[Round "2.100"]
[White "Andrejczuk, Beata"]
[Black "Lubczynski, Rafal"]
[Result "1-0"]
[WhiteTitle "WFM"]
[BlackTitle "IM"]
[WhiteElo "2057"]
[BlackElo "2429"]
[WhiteFideId "1124900"]
[BlackFideId "1126091"]
[EventDate "2017.12.16"]

1. e4 d6 2. Nc3 Nf6 3. f4 Bg4 4. Be2 Bxe2 5. Ngxe2 e6 6. d3 Nc6 7. O-O d5 8. e5
Nd7 9. d4 Ne7 10. Ng3 g6 11. Be3 h5 12. Rf3 h4 13. Nf1 Nf5 14. Bf2 g5 15. fxg5
Qxg5 16. Ne3 Rg8 17. Ncxd5 O-O-O 18. Rxf5 exf5 19. Qf3 h3 20. Qxh3 f4 21. Bh4
Qh6 22. Nf5 Qh5 23. Nxf4 Qg4 24. Bxd8 Qxf4 25. Be7 Kb8 26. Bxf8 Nxf8 27. Ne7
Qxd4+ 28. Kh1 Rg4 29. Qh8 Qd8 30. Qf6 Rd4 31. Rg1 Nh7 32. Qxf7 Ng5 33. Qg8 Qxg8
34. Nxg8 Re4 35. Nf6 Re2 36. Rd1 Kc8 37. Ng4 Nf7 38. Kg1 Rxc2 39. e6 Nd6 40. Re1
Ne8 41. e7 Kd7 42. h4 Rxb2 43. Ne5+ Kc8 44. Rd1 1-0

[Event "European Rapid 2017"]
[Site "Katowice POL"]
[Date "2017.12.16"]
[Round "3.1"]
[White "Inarkiev, Ernesto"]
[Black "Medarde Santiago, Luis Marcos"]
[Result "1-0"]
[WhiteTitle "GM"]
[BlackTitle "FM"]
[WhiteElo "2689"]
[BlackElo "2350"]
[WhiteFideId "4162722"]
[BlackFideId "2263076"]
[EventDate "2017.12.16"]

1. d4 Nf6 2. c4 e6 3. Nf3 d5 4. g3 Be7 5. Bg2 O-O 6. O-O dxc4 7. Qc2 a6 8. a4
Bd7 9. Qxc4 Bc6 10. Bg5 Bd5 11. Qc2 Be4 12. Qc1 h6 13. Bxf6 Bxf6 14. Nbd2 Bxf3
15. Nxf3 a5 16. e3 c6 17. Rd1 Na6 18. Nd2 Nb4 19. Nc4 Qc7 20. Qb1 Rfd8 21. Qe4
Rd7 22. Rac1 Rad8 23. Bf3 Na2 24. Rb1 c5 25. dxc5 Rxd1+ 26. Bxd1 Qxc5 27. Bb3
Nb4 28. Qxb7 Qf5 29. Rf1 Rd3 30. Bd1 Qd5 31. Qc8+ Qd8 32. Qxd8+ Rxd8 33. Be2 Rb8
34. Rc1 Nd5 35. Rc2 Nb6 36. Nxb6 Rxb6 37. Bb5 Kf8 38. Rc8+ Ke7 39. Rc7+ Kf8 40.
Ra7 Bxb2 41. Rxa5 Rb7 42. Ra8+ Ke7 43. Rc8 Be5 44. f4 Bc7 45. Kf2 Bb6 46. Rc6 g5
47. Kf3 gxf4 48. exf4 Kf6 49. g4 Ba5 50. f5 Rc7 51. Ra6 Bb4 52. fxe6 fxe6 53.
Bc6 Kg5 54. h3 h5 55. gxh5 Kxh5 56. Be8+ Kh4 57. Rxe6 Rc3+ 58. Kf4 Rc4+ 59. Ke3
Kxh3 60. Kd3 Rc3+ 61. Kd4 Rc7 62. Rg6 Kh2 63. Bc6 Re7 64. Kc4 Be1 65. Rg5 Kh3
66. Kb5 Bc3 67. Rg2 Re5+ 68. Kc4 Be1 69. Rg8 Kh4 70. Bd5 Rg5 71. Ra8 Kg3 72. a5
Bxa5 73. Rxa5 Rg4+ 74. Kd3 Rg5 75. Kd4 Rg4+ 76. Be4 Rg7 77. Ke3 Rg8 78. Rf5 Rg7
79. Rf1 Rg5 80. Bf5 Kh4 81. Rh1+ Kg3 82. Ke4 Kg2 83. Rh8 Kg3 84. Rh3+ Kg2 85.
Ra3 Rg3 86. Ra2+ Kg1 87. Kf4 Rg2 88. Ra1+ Kf2 89. Bg4 Rh2 90. Ra2+ Kg1 91. Ra6
Kf2 92. Re6 Rg2 93. Bf3 Rh2 94. Kg4 Kg1 95. Kf4 Kf2 96. Re7 Rh4+ 97. Bg4 Rh2 98.
Re3 Kg1 99. Ra3 Kf2 100. Rb3 Kg2 101. Re3 Kf2 102. Bh3 Kg1 103. Rg3+ Kf2 104.
Re3 Kg1 105. Ra3 Kf2 106. Kg4 Kg1 107. Rf3 Rb2 108. Rf4 Rd2 109. Kh4 Kh2 110.
Bf5 Kg2 111. Be4+ Kh2 112. Rf1 Rd1 113. Rf2+ Kg1 114. Kg3 Rd7 115. Ra2 Rg7+ 116.
Kf3 Rf7+ 117. Ke3 Rf2 118. Ra1+ Rf1 119. Ra8 Rf7 120. Rh8 Rh7 121. Rxh7 1-0

[Event "European Rapid 2017"]
[Site "Katowice POL"]
[Date "2017.12.16"]
[Round "3.2"]
[White "Styazhkina, Anna"]
[Black "Navara, David"]
[Result "0-1"]
[WhiteTitle "WIM"]
[BlackTitle "GM"]
[WhiteElo "2283"]
[BlackElo "2740"]
[WhiteFideId "24119300"]
[BlackFideId "309095"]
[EventDate "2017.12.16"]

1. e4 c5 2. Nf3 e6 3. c4 Nc6 4. Nc3 Nd4 5. Be2 Ne7 6. O-O Nec6 7. d3 a6 8. Nxd4
cxd4 9. Nb1 b5 10. f4 bxc4 11. dxc4 Bc5 12. Kh1 O-O 13. Nd2 d6 14. Nf3 a5 15. b3
a4 16. Bb2 e5 17. f5 Rb8 18. Bc1 Bb4 19. g4 Bc3 20. Rb1 Bb7 21. Bd2 Nb4 22. Bxc3
dxc3 23. Bd3 Bc6 24. Rf2 Qb6 25. Re2 Qc5 26. Ne1 Qd4 27. Kg2 Ra8 28. Kf3 Rfb8
29. Rc1 c2 30. Bxc2 Nxa2 31. Qxd4 exd4 32. Ra1 axb3 33. Bb1 Nc3 34. Rxa8 Rxa8
35. Rb2 Ra1 0-1

[Event "European Rapid 2017"]
[Site "Katowice POL"]
[Date "2017.12.16"]
[Round "3.4"]
[White "Brazdzionis, Andrius"]
[Black "Kovalenko, Igor"]
[Result "0-1"]
[BlackTitle "GM"]
[WhiteElo "2293"]
[BlackElo "2639"]
[WhiteFideId "12804479"]
[BlackFideId "14117908"]
[EventDate "2017.12.16"]

1. d4 Nf6 2. Nf3 d5 3. c4 e6 4. g3 Nbd7 5. Nbd2 c6 6. Bg2 b6 7. O-O Be7 8. Qc2
O-O 9. e4 Bb7 10. e5 Ne8 11. cxd5 cxd5 12. Re1 Rc8 13. Qa4 a5 14. Nf1 Nb8 15. h4
Ba6 16. Qd1 Nc6 17. a3 b5 18. h5 b4 19. h6 g6 20. Bf4 bxa3 21. bxa3 Nc7 22. Qd2
Nb5 23. Qe3 a4 24. N1h2 Na5 25. Bf1 Rc3 26. Qe2 Nb3 27. Rad1 Qd7 28. Ng5 Nc7 29.
Qg4 Bxf1 30. Rxf1 Bxa3 31. Ngf3 Be7 32. Bg5 a3 33. Qh4 Re8 34. Bxe7 Qxe7 35. Ng5
Ra8 36. Ng4 Ne8 37. Nf6+ Nxf6 38. Nh3 a2 39. Nf4 Qd8 40. exf6 a1=Q 41. Rxa1 Nxa1
42. Kg2 Nb3 43. Rb1 Rb8 44. Rb2 Rcc8 45. Ra2 Na5 46. Re2 Nc6 47. Ra2 Rb4 48. Qg5
Rxd4 49. Rb2 Rb4 50. Rc2 e5 51. Nd3 Rc4 52. Rb2 Qd7 53. Rb6 Qg4 54. Qd2 Qe4+ 55.
f3 Qf5 56. Nf2 Nd4 0-1

[Event "European Rapid 2017"]
[Site "Katowice POL"]
[Date "2017.12.16"]
[Round "3.6"]
[White "Fedorov, Evgueny"]
[Black "McShane, Luke J"]
[Result "0-1"]
[BlackTitle "GM"]
[WhiteElo "2241"]
[BlackElo "2640"]
[WhiteFideId "4188004"]
[BlackFideId "404853"]
[EventDate "2017.12.16"]

1. e4 e5 2. Nf3 Nc6 3. Bb5 Nf6 4. O-O Nxe4 5. d4 Nd6 6. Bxc6 dxc6 7. dxe5 Nf5 8.
Qxd8+ Kxd8 9. Rd1+ Ke8 10. b3 Ne7 11. Bb2 Bg4 12. Nbd2 Nd5 13. a3 Rd8 14. Re1 h6
15. h3 Bc8 16. Ne4 c5 17. Rad1 b6 18. Kh2 Nf4 19. Kg3 Ne2+ 20. Kh2 Rxd1 21. Rxd1
Bf5 22. Ng3 Nxg3 23. fxg3 Bxc2 24. Re1 Bxb3 25. g4 Kd7 26. Nh4 Be6 27. Nf5 b5
28. Rd1+ Kc8 29. Ne3 a5 30. a4 b4 31. Rc1 Kb7 32. Nc4 Ka6 33. Kg3 Be7 34. Rc2
Rd8 35. Kf2 Bxc4 0-1

[Event "European Rapid 2017"]
[Site "Katowice POL"]
[Date "2017.12.16"]
[Round "3.7"]
[White "Fedorchuk, Sergey A."]
[Black "Stenner, Patrick"]
[Result "1-0"]
[WhiteTitle "GM"]
[WhiteElo "2648"]
[BlackElo "2248"]
[WhiteFideId "14102536"]
[BlackFideId "4615760"]
[EventDate "2017.12.16"]

1. e4 c6 2. d4 d5 3. Nd2 dxe4 4. Nxe4 Nf6 5. Nxf6+ exf6 6. c3 Bd6 7. Bd3 O-O 8.
Qc2 Re8+ 9. Ne2 Kh8 10. Be3 Nd7 11. O-O-O Nf8 12. Kb1 Be6 13. Nf4 Bxf4 14. Bxf4
b5 15. Be4 Bd5 16. f3 a5 17. h4 Qd7 18. Rde1 Qe6 19. Bxd5 Qxd5 20. Re4 Re6 21.
Rhe1 Rae8 22. g4 f5 23. gxf5 Qxf5 24. Rxe6 Qxc2+ 25. Kxc2 Rxe6 26. Rxe6 Nxe6 27.
Be3 h6 28. Kd3 f5 29. c4 bxc4+ 30. Kxc4 g5 31. hxg5 hxg5 32. d5 cxd5+ 33. Kxd5
f4 34. Bb6 Ng7 35. Bxa5 1-0

[Event "European Rapid 2017"]
[Site "Katowice POL"]
[Date "2017.12.16"]
[Round "3.8"]
[White "Przedmojski, Rafal"]
[Black "Wojtaszek, Radoslaw"]
[Result "0-1"]
[BlackTitle "GM"]
[WhiteElo "2354"]
[BlackElo "2736"]
[WhiteFideId "1102451"]
[BlackFideId "1118358"]
[EventDate "2017.12.16"]

1. d4 Nf6 2. Bf4 d5 3. e3 c5 4. c3 Nc6 5. Nf3 Nh5 6. Bg5 h6 7. Bh4 g5 8. Bg3
Nxg3 9. hxg3 e6 10. Nbd2 Bd7 11. Bd3 Be7 12. Qe2 Qb6 13. Rb1 O-O-O 14. dxc5 Qxc5
15. e4 g4 16. Nh2 h5 17. Nhf1 Ne5 18. exd5 Nxd3+ 19. Qxd3 Bc6 20. Ne3 Bxd5 21.
Nxd5 Rxd5 22. Qc4 Re5+ 23. Kf1 Rd8 24. Qxc5+ Bxc5 25. Nb3 Bb6 26. c4 Rf5 27. c5
Bxc5 28. Rc1 Rdd5 29. Ke1 Rfe5+ 30. Kf1 Kd8 31. f4 gxf3 32. gxf3 Bb6 33. Re1 Rg5
34. Kg2 Bc7 35. Rh3 h4 36. g4 Bg3 37. Re2 Rge5 38. Rc2 Re1 39. Rh1 Rxh1 40. Kxh1
h3 41. Rd2 Rxd2 42. Nxd2 f5 43. Nb3 Ke7 44. g5 e5 45. Na5 e4 46. fxe4 fxe4 47.
Nxb7 e3 48. Nc5 e2 49. Nd3 Ke6 50. b4 Kf5 51. g6 Kxg6 52. a4 Kf5 53. b5 Ke4 0-1

[Event "European Rapid 2017"]
[Site "Katowice POL"]
[Date "2017.12.16"]
[Round "3.9"]
[White "Alekseev, Evgeny"]
[Black "Swicarz, Maciej"]
[Result "1-0"]
[WhiteTitle "GM"]
[WhiteElo "2616"]
[BlackElo "2378"]
[WhiteFideId "4138147"]
[BlackFideId "1113585"]
[EventDate "2017.12.16"]

1. e4 d5 2. exd5 Qxd5 3. Nf3 Nf6 4. d4 Bg4 5. Be2 e6 6. O-O Be7 7. h3 Bh5 8. c4
Qd7 9. Qb3 Bxf3 10. Bxf3 c6 11. Nc3 O-O 12. Rd1 Na6 13. Be3 Ne8 14. Qa4 Qc8 15.
d5 exd5 16. cxd5 c5 17. d6 Bxd6 18. Nb5 Be5 19. Qe4 Bxb2 20. Rab1 Bf6 21. Qxb7
Nec7 22. Nxc7 Nxc7 23. Bxc5 Rd8 24. Rxd8+ Qxd8 25. Bxa7 Be5 26. a4 g6 27. a5 Qf6
28. Bb6 Qf4 29. Bxc7 Qh2+ 30. Kf1 Re8 31. g3 Qxh3+ 32. Bg2 Qf5 33. Bxe5 Rxe5 34.
a6 Ra5 35. Qb8+ Kg7 36. Qb2+ Kg8 37. Bb7 h5 38. Re1 f6 39. Qb3+ Kg7 40. Re7+ Kh6
41. Kg2 h4 42. Qe3+ g5 43. gxh4 Ra4 44. hxg5+ fxg5 45. Qe6+ 1-0

[Event "European Rapid 2017"]
[Site "Katowice POL"]
[Date "2017.12.16"]
[Round "3.11"]
[White "Ponkratov, Pavel"]
[Black "Gazik, Viktor"]
[Result "1/2-1/2"]
[WhiteTitle "GM"]
[BlackTitle "IM"]
[WhiteElo "2613"]
[BlackElo "2479"]
[WhiteFideId "4157800"]
[BlackFideId "14928752"]
[EventDate "2017.12.16"]

1. c4 e5 2. Nc3 Nc6 3. Nf3 Nf6 4. g3 g6 5. Bg2 Bg7 6. d4 exd4 7. Nxd4 O-O 8. O-O
Nxd4 9. Qxd4 d6 10. Qh4 Ng4 11. Qxd8 Rxd8 12. Bg5 Bf6 13. h4 h6 14. Bd2 c6 15.
Rad1 Be6 16. b3 Bg7 17. Ne4 f5 18. Nc3 Rd7 19. Na4 Rad8 20. Bb4 Be5 21. Rd3 f4
22. Bh3 Bf5 23. gxf4 Bxf4 24. Rd4 g5 25. hxg5 hxg5 26. Bd2 Bxd2 27. Bxg4 Bxg4
28. Rxg4 Rg7 29. Rd1 Ba5 30. Rd3 Kf7 31. Kg2 Ke6 32. Re4+ Kf5 33. Red4 Bc7 34.
Rf3+ Ke6 35. Nc3 Bb6 36. Re4+ Kd7 37. Rg4 Re8 38. Ne4 Re5 39. Rd3 d5 40. cxd5
cxd5 41. e3 Ke6 42. Ng3 Rc7 43. a4 Rc2 44. Kf3 a5 45. b4 Rc4 46. bxa5 Bxa5 47.
Rb3 b6 48. Rb5 Rc5 49. Rb2 Rc4 50. Ne2 Rxg4 51. Kxg4 Re4+ 52. Kxg5 Rxa4 53. f4
Re4 54. Nd4+ Kd7 55. Nf5 Bb4 56. Rb3 Bc5 57. Kg4 Kc6 58. Kf3 b5 59. Ng3 Re8 60.
e4 dxe4+ 61. Nxe4 b4 62. Rb1 Kb5 63. Rc1 Bf8 64. f5 b3 65. Rb1 Kb4 66. f6 Ka3
67. Nd2 b2 68. Nc4+ Kb3 69. Nxb2 Kc2 70. Rh1 Kxb2 71. Rh8 Kc3 72. Kg4 Kd4 73.
Kf5 Re5+ 74. Kg6 Bc5 75. Rd8+ Kc4 1/2-1/2